zpět

Detail výsledku týmu

R.A.M., Jablonec nad Nisou

Datum a čas kvízu

33.5 Celkem bodů Celkový počet nahraných bodů na tomto kvízu bez doplňovacích otázek.
10. Pořadí na kvízu Konečné umístění týmu na tomto kvízu.

Zaznamenané odpovědi

# Otázka Odpověď Body Výsledky
1. Část ulice u ruského velvyslan... Ukrajinských hrdinů 1
2. Obchod se suvenýry v rezidenci... C 0
3. Český ráj patří mezi devět nár... UNESCO 1
4. Jeden český státní podnik, kte... České dráhy 1
5. Rakouský 22letý skokan na lyží... Skákal téměř nahý (pouze v plavkách typu „Borat“). 0
6. Budeme se zabývat pěti filmy,... Elijah Wood, Pán prstenů: Dvě věže 1
7. Film Mr. & Mrs. Smith, něk... B) John a Jane 0
8. Paní Wilberforceová je výstřed... Lupiči paní domácí 0
9. Komedie Karla Kachyni z roku 1... Kam pánové, kam jdete? 1
10. V roce 2009 vznikl animovaný f... Lišák 0